000 04095nab a2200277 i 4500
003 BR-BrBNA
005 20250828174214.0
008 250828b2021 bl.ar|pooa||| 00| 0 eng |
040 _aBR-BrBNA
_beng
072 _aF70
100 _aLucena, Danielly da Silva
100 _aPessoa, Edlley
100 _aAlves, Marccus
245 _aOlacaceae and Schoepfiaceae in eastern Northeast Brazil
500 _aPublicação on-line; 48 ref.; 1 table; 4 illus.; Summaries (En, Pt)
520 _a Abstract This study provides descriptions, identification key and illustrations of diagnostic characters, as well as comments on the distribution and habitat of species of Olacaceae and Schoepficeae occurring in the eastern portion of northeastern Brazil, this area includes the states of Alagoas, Ceará, Paraíba, Pernambuco and Rio Grande do Norte. The morphological descriptions are based on samples collected during field expeditions (2017-2019) and analysis of herbarium specimens. Were recorded five species in four genera belonging to the family Olacaceae (Cathedra rubricaulis, Dulacia gardneriana, Heisteria ovata, H. perianthomega and Ximenia americana) and one of Schoepfiaceae (Schoepfia brasiliensis), these species occur mainly in Atlantic Forest domain (Lowland and Montane Forests) are also registered in Caatinga and Cerrado domains. The distribution of D. gardneriana and H. perianthomega was expanded, to the states of Rio Grande do Norte and Paraíba, respectively. The main vegetative characters useful for specific delimitation are presence/absence of armed branches, petiole dorso-ventrally flattened or cylindrical and nerves impressed or flat on the adaxial surface. The presence/absence of staminodes, of a pubescent ovary and hypogynous disc, as well as floral pedicel size and diameter of accrescent calyx in fruits, are the most important reproductive characters for species determination. Key words: Atlantic Forest, Caatinga, flora, Santalales, taxonomy. Resumo Este estudo fornece descrições, chave de identificação e ilustrações dos caracteres diagnósticos, bem como, comentários sobre distribuição e habitat, para espécies de Olacaceae e Schoepfiaceae que ocorrem na porção oriental do Nordeste do Brasil, essa área inclui os estados de Alagoas, Ceará, Paraíba, Pernambuco e Rio Grande do Norte. As descrições morfológicas foram baseadas em amostras coletadas durante expedições de campo (2017-2019), e análise de espécimes de herbário. Foram registradas cinco espécies em quatro gêneros pertencentes à família Olacaceae (Cathedra rubricaulis, Dulacia gardneriana, Heisteria ovata, H. perianthomega e Ximenia americana), e uma Schoepfiaceae (Schoepfia brasiliensis), essas espécies ocorrem principalmente no domínio da Floresta Atlântica (montanas e de terras baixas), sendo registradas também nos domínios da Caatinga e Cerrado. A distribuição de D. gardneriana e H. perianthomega foi ampliada para os estados do Rio Grande do Norte e Paraíba, respectivamente. Os principais caracteres vegetativos úteis à delimitação específica são, presença/ausência de ramos armados, pecíolo achatado dorso-ventralmente ou cilíndrico e nervura principal impressa ou plana na face adaxial. A presença/ausência de estaminódios, de ovário pubescente e disco hipógino, assim como, tamanho do pedicelo floral e diâmetro do cálice acrescente nos frutos, são os caracteres reprodutivos mais importantes para a determinação das espécies. Palavras-chave: Floresta Atlântica, Caatinga, flora, Santalales, taxonomia.
650 _aFLORESTA ATLÂNTICA
650 _aCAATINGA
650 _aFLORA
650 _aTAXONOMIA
650 _aOLACACEAE
773 0 _0709
_9357347
_dRio de Janeiro-RJ Jardim Botanico do Rio de Janeiro 1935
_o2025-5311
_tRodriguésia (Brazil)
_x0370-6583; 2175-7860 on-line
_gv. 72 p. 1-15; (2021)
_wBR2025001813
856 _uhttps://www.scielo.br/j/rod/a/qyFfC3v8MxyMC8DbgzhD7qv/?format=pdf&lang=en
942 _cANA
999 _c337873
_d337873